书目信息 |
| 题名: |
旅游管理前沿专题
|
|
| 作者: | 陈实 主编 | |
| 分册: | ||
| 出版信息: | 北京 中国经济出版社 2013 |
|
| 页数: | 336页 | |
| 开本: | 24cm | |
| 丛书名: | 经济学与管理学前沿专题研究系列丛书 | |
| 单 册: | ||
| 中图分类: | F590.6 | |
| 科图分类: | ||
| 主题词: | 旅游业--经济管理--研究 , 经济管理 , 旅游业 | |
| 电子资源: | ||
| ISBN: | 978-7-5136-2724-5 | |
| 000 | 00996nam0 2200265 450 | |
| 001 | 139025 | |
| 005 | 20140903093432.28 | |
| 010 | @a978-7-5136-2724-5@dCNY 55.00 | |
| 100 | @a20130922d2013 em y0chiy50 ea | |
| 101 | 0 | @achi |
| 102 | @aCN@b110000 | |
| 105 | @ay z 000yy | |
| 200 | 1 | @a旅游管理前沿专题@Alv you guan li qian yan zhuan ti@b专著@f陈实主编 |
| 210 | @a北京@c中国经济出版社@d2013 | |
| 215 | @a336页@d24cm | |
| 225 | 1 | @a经济学与管理学前沿专题研究系列丛书@f任保平主编 |
| 300 | @a陕西省普通高等学校重点学科专项资金建设项目 | |
| 330 | @a本书从旅游区域合作、旅游产业发展及旅游资源开发等多个角度,对如何提升旅游产业要素配置效率以及提高旅游产业竞争力的基本途径进行了阐述。全书分为三篇,从理论和实践两个层面较为系统地归纳阐述了我国旅游产业发展的前沿研究成果和方法创新成果。 | |
| 606 | 0 | @a旅游业@x经济管理@x研究 |
| 606 | 0 | @a经济管理 |
| 606 | 0 | @a旅游业 |
| 690 | @aF590.6@v5 | |
| 701 | 0 | @a陈实@Achen shi@f(1963 )@4主编 |
| 801 | 0 | @c20140903 |
| 905 | @a241430@dF590.6@eC563 | |
| 旅游管理前沿专题/陈实主编.-北京:中国经济出版社,2013 |
| 336页;24cm.-(经济学与管理学前沿专题研究系列丛书/任保平主编) |
| 陕西省普通高等学校重点学科专项资金建设项目 |
| ISBN 978-7-5136-2724-5:CNY 55.00 |
| 本书从旅游区域合作、旅游产业发展及旅游资源开发等多个角度,对如何提升旅游产业要素配置效率以及提高旅游产业竞争力的基本途径进行了阐述。全书分为三篇,从理论和实践两个层面较为系统地归纳阐述了我国旅游产业发展的前沿研究成果和方法创新成果。 |
| ● |
| 相关链接 |
|
|
|
正题名:旅游管理前沿专题
索取号:F590.6/C563
 
预约/预借
| 序号 | 登录号 | 条形码 | 馆藏地/架位号 | 状态 | 备注 |
| 1 | 0828407 | 208284079 | 社科库409/409社科库 39排2列2层/ [索取号:F590.6/C563] | 在馆 | |
| 2 | 0828408 | 208284088 | 社科库409/409社科库 39排2列2层/ [索取号:F590.6/C563] | 在馆 | |
| 3 | 0828409 | 208284097 | 社科二线422/422社科库 11排2列1层/ [索取号:F590.6/C563] | 在馆 |